000 00523nam a2200193Ia 4500
005 20250508160806.0
008 008 250505s9999 xx 000 0 eng d
037 _aBooks to be hide in OPAC
040 _aFEDL
_beng
_cFEDL
041 _aeng
_2eng
084 _a370.1, SAX/O
_qFEDL
100 _aSaxena N R Swarup
_9769358
245 0 _aShiksha siddhant
260 _aMeerut, India
_bLoyal Book Depot
300 _a576p
365 _aINR
_b12.5
942 _cHB
_h370.1, SAX/O
999 _c1366654
_d1366654